000 00666nam a22002057a 4500
005 20260408114455.0
010 _aENG-148007
020 _a9788199546189
_c799.00
035 _aEN-131539
037 _bDBAD
082 _21
_a346.5
100 _aTelang; Amita
_988824
245 _aMastering Operating Systems: The Complete Guide for Mordern Computing
_cAmita Telang
250 _a1
260 _aChhattisgarh
_bAditi Publication
_c2026
270 _aNear, Tiranga Chowk, Kushalpur, Raipur
_bIndia
_k9425210308
300 _a177.pg
_c20cm(pb)
700 _aAmita Telang, Akansha Dubey, Deepshikha Sharma
_988825
942 _2ddc
_cEN
_h346.5
_mTEL
999 _c215815
_d215815